000 01250nam a22002651i 4500
001 181713
003 ES-MaACL
005 20260217115157.0
008 130319s1918 sp |||| | spa d
080 _a904(460.224 Calatayud)
100 1 _aSentenach, Narciso,
_d1856-1925
_9105479
245 1 0 _aExcavaciones en Bílbilis :
_b(Cerro de Bámbola-Calatayud) : memoria de las exploraciones y excavaciones practicadas en el año 1917 /
_cpor el delegado-director D. Narciso Sentenach y Cabañas.
260 _aMadrid :
_b[s.n.],
_c1918 (
_fTip. de la "Revista de Arch., Bibl. y Museos")
300 _a21 p., [1] h. de planos :
_bil. ;
_c24 cm.
490 1 _aJunta Superior de Excavaciones y Antigüedades ;
_v3
530 _aDisponible en formato digital.
650 4 _aExcavaciones arqueológicas-
_zZaragoza (Provincia)
_9173215
651 _aCalatayud-
_xRestos arqueológicos.
_9173216
710 2 _aEspaña.
_bJunta Superior de Excavaciones y Antigüedades.
_9152463
830 1 _aJunta Superior de Excavaciones y Antigüedades ;
_v3
_9191570
852 _aES-MaACL
_jE-3369(3)
_cDEPO2
856 4 _uhttp://bdh-rd.bne.es/viewer.vm?id=0000234038&page=1
_yBiblioteca Digital Hispánica
942 _2udc
999 _c181713
_d181713